01327nam a2200301Ia 4500001001200000003000800012006001900020007001500039008004100054010001700095020001500112040002100127035002100148050002700169100002200196245013400218260004800352300002400400504006400424533015200488650008400640650007200724655002900796700004000825710001700865856012600882999001701008ebr10142307CaPaEBRm u cr cn|||||||||960821s1997 nyua sb 001 0 eng d z 96038552  z0195108043 aCaPaEBRcCaPaEBR a(OCoLC)24361367914aHD9539.C7bU547 1997eb1 aLankton, Larry D.10aBeyond the boundariesh[electronic resource] :blife and landscape at the Lake Superior copper mines, 1840-1875 /cLarry Lankton. aNew York :bOxford University Press,c1997. axvi, 247 p. :bill. aIncludes bibliographical references (p. 233-239) and index. aElectronic reproduction.bPalo Alto, Calif. :cebrary,d2007.nAvailable via World Wide Web.nAccess may be limited to ebrary affiliated libraries. 0aCopper industry and tradezMichiganzKeweenaw PeninsulaxHistoryy19th century. 0aCopper minerszMichiganzKeweenaw PeninsulaxHistoryy19th century. 7aElectronic books.2local1 aLankton, Larry D.tCradle to grave.2 aebrary, Inc.40uhttp://site.ebrary.com/lib/rucke/Doc?id=10142307zAn electronic book accessible through the World Wide Web; click to view c90984d90984